000 00163 a2200085 4500
041 _aspa
100 _aGrejniec, Michael
245 _aA que sabe la luna
942 _cBK
999 _c14769
_d14769